Canciones de la nueva trova /
Uloženo v:
| Další autoři: | , |
|---|---|
| Médium: | Neznámo |
| Jazyk: | Spanish |
| Vydáno: |
Cuba :
Editorial Letras Cubanas,
1981.
|
| Edice: | (Colección Saeta)
|
| Témata: | |
| Tagy: |
Přidat tag
Žádné tagy, Buďte první, kdo vytvoří štítek k tomuto záznamu!
|
MARC
| LEADER | 000000000a22000000004500 | ||
|---|---|---|---|
| 001 | 002171 | ||
| 041 | 0 | |a spa | |
| 082 | 0 | 4 | |a Cu861.08 |b C215c |
| 245 | 0 | 0 | |a Canciones de la nueva trova / |c Leonardo Acosta, prólogo ; Jorge Gómez, selección. |
| 260 | 1 | |a Cuba : |b Editorial Letras Cubanas, |c 1981. | |
| 300 | |a 301 páginas | ||
| 490 | 1 | |a (Colección Saeta) | |
| 500 | |a La biblioteca contiene otro ejemplar, con número de inscripción 12011 (Colección George Yúdice) | ||
| 650 | 4 | |a LITERATURA CUBANA | |
| 650 | 4 | |a POESIA | |
| 650 | 4 | |a SIGLO XX | |
| 650 | 4 | |a COLECCIONES | |
| 700 | 1 | |a Acosta, Leonardo, |e prólogo | |
| 700 | 1 | |a Gómez, Jorge, |e selección | |
| 999 | |c 8753 |d 8753 | ||
| 942 | |c BK |h Cu861.08 C215c |2 z | ||
